01659 2200553 4500001002100000005001500021035002000036007000300056008004100059020002200100040002200122082001700144084002000161090002400181100003700205245013900242250002900381300005400410500001100464650003200475700003300507850001200540041000800552504003300560264003800593336002100631337003000652338002300682990002000705990002000725990002000745990002000765990002000785990002000805990002000825990002000845990002000865990002000885990002000905990002000925990002000945990002000965990002000985990002001005990002001025990002001045990002001065990002001085INLIS00000000085078320190904091134 a0010-0919000056ta190904 2018 yoia g 1 ind d a978-602-5610-38-7 aYOPDYOGbinderda04223a915.9862 a915.9862 I GU m aNUS 915.9862 I GU m0 aI Gusti Bagus Rai Utamaepenulis10aMelirik potensi dan kekuatan wisatawan lanjut usia di Bali Indonesia /cpenulis, I Gusti Bagus Rai Utama; penyunting, Alviana Cahyanti aCetakan I, Februari 2018 aviii, 130 halaman :bfoto, tabel, grafik ;c24 cm aIndeks 4aIndustri pariwisata--zBali0 aAlviana Cahyantiepenyunting aYOPDYOG0 aind aBibliografi: halaman 113-12231aYogyakarta :bSamudra Biru,c2018 2rdacontentateks 2rdamediaatanpa perantara 2rdacarrieravolume a40515-PD/B.2019 a40516-PD/B.2019 a40517-PD/B.2019 a40518-PD/B.2019 a40515-PD/B.2019 a40516-PD/B.2019 a40517-PD/B.2019 a40518-PD/B.2019 a40516-PD/B.2019 a40515-PD/B.2019 a40517-PD/B.2019 a40518-PD/B.2019 a40517-PD/B.2019 a40515-PD/B.2019 a40516-PD/B.2019 a40518-PD/B.2019 a40518-PD/B.2019 a40515-PD/B.2019 a40516-PD/B.2019 a40517-PD/B.2019